kpop song by English lyrics - Easy - Statistics

General Stats
  • This quiz has been taken 866 times
  • The average score is 6 of 15
Answer Stats
Hint Answer % Correct
I don’t want a boy, I need a man Boombayah - blackpink
77%
Remember me, sting like a bee Batter up - babymonster
64%
You should get away, get a, get a, get away Fearless - lesserafim
60%
You know what? Not even God can stop me, I'll like you Cherish (my love) - illit
58%
My mama saw it and, "oh my god, damn!" My bag - (G)I-dle
54%
Call out my name in the middle of the night Imaginary friend - itzy
44%
Friends don’t understand me, understand me anymore Can’t you see me - txt
39%
Yeah, let’s turn it up now Born to be - itzy
38%
Taki, taki, dance 'til the sunrise, yeah Crazy form - ateez
36%
That tick, that tick, tick boom Supernova - aespa
35%
I'm the winner, winner, winner First - everglow
33%
A dance floor make for two BTBT - B.I
26%
Mona Lisa never cry, don't you see Fact check- nct 127
25%
Who are you? Halazia - ateez
17%
I’m gonna be crazy now, yes, crazy now Rainism- rain
14%
No matching quizzes found
Score Distribution
Percent of People with Each Score
Percentile by Number Answered
Your Score History
You have not taken this quiz